Corporate image: strategies for effective identify programmes (Record no. 1260884)

MARC details
000 -LEADER
fixed length control field 00567nam a2200193Ia 4500
005 - DATE AND TIME OF LATEST TRANSACTION
control field 20250317125752.0
008 - FIXED-LENGTH DATA ELEMENTS--GENERAL INFORMATION
fixed length control field 008 250317s9999 xx 000 0 eng d
020 ## - INTERNATIONAL STANDARD BOOK NUMBER
International Standard Book Number 0-7494-0041-2
040 ## - CATALOGING SOURCE
Original cataloging agency FMSL
Language of cataloging eng
Transcribing agency FMSL
041 ## - LANGUAGE CODE
Language code of text/sound track or separate title eng
Source of code eng
084 ## - COLON CLASSIFICATION NUMBER
Classification number X9D NO
Assigning agency FMSL
100 ## - MAIN ENTRY--PERSONAL NAME
Personal name Ind Nicholas
9 (RLIN) 235919
245 #0 - TITLE STATEMENT
Title Corporate image: strategies for effective identify programmes
260 ## - PUBLICATION, DISTRIBUTION, ETC.
Place of publication, distribution, etc. London Kogan Page
Name of publisher, distributor, etc. London Kogan Page
Date of publication, distribution, etc. 1990
300 ## - PHYSICAL DESCRIPTION
Extent 205p
942 ## - ADDED ENTRY ELEMENTS (KOHA)
Koha item type Textbook
Classification part X9D NO

No items available.

Copyright @ Delhi University Library System